000 005050000a22001930004500
001 001700
003 MACL
005 20150903155122.0
008 150903b xxu||||| |||| 00| 0 eng d
040 _aMACL
_cMACL
041 _aEnglish
082 _a820/CHA
100 _aChaudhuri, Sukanta
_98964
245 _aRabindranath Tagore Relationship Jogajog
_cSukanta Chaudhuri
260 _aNew Delhi
_c2006
_bOxford University Press,
350 _a195
650 _aLiterature
_98965
942 _k820
_cBK
_2ddc
999 _c13618
_d13618